00726 a2200169 4500082000800000090001500008100002100023245006200044260004300106300003500149500005100184650006000235942001600295999001500311952011500326952011500441 a909 c1133d1133 aGalbraith, V. H. aAn introduction to the study of historycV. H, Galbraith. aIslamabad:b National Book Foundation. aviii, 143 p. :bill. ;c22 cm. a Includes bibliographical references and index aAsser, John, d. 909. Res gestae Alfredi.Historiography. cBKk909 GAL c5095d5095 001040708NFICaCLbCLcGENd2008-08-06eDonationg0.00l0o909 GALpSEECS009222r2012-11-14w2017-01-05yBK 001040708NFICaCLbCLcGENd2008-08-06eDonationg0.00l0o909 GALpSEECS009223r2012-11-14w2017-01-05yBK